[Event "II Open A"]
[Site "Trento ITA"]
[Date "2009.04.19"]
[Round "5"]
[White "Ljubisavljevic, Zivojin Z."]
[Black "Guerra, Alessandro"]
[Result "0-1"]
[WhiteElo "2278"]
[BlackElo "2193"]
[PlyCount "86"]
[EventDate "2009.04.17"]

1. d4 Nf6 2. Bg5 c5 3. Bxf6 gxf6 4. d5 Qb6 5. b3 f5 6. c3 Bg7 7. e3 e5 8. Ne2
O-O 9. a4 f4 10. exf4 exf4 11. Nxf4 Qh6 12. Qf3 d6 13. Be2 Nd7 14. O-O Ne5 15.
Qg3 Kh8 16. Nh5 Rg8 17. f4 Bf6 18. Qe3 Bd8 19. Na3 c4 20. Kh1 Bb6 21. Qd2 Ng4
22. Bxg4 Rxg4 23. a5 Bd8 24. Qd4+ Kg8 25. Rae1 Bd7 26. Nxc4 Qxh5 27. Nxd6 Rh4
28. Qg1 Qxd5 29. Rd1 Qxb3 30. Rd3 Rh6 31. f5 Bc7 32. Rg3+ Kh8 33. Qd4+ f6 34.
Qe3 Rxh2+ 35. Kxh2 Bxd6 36. Qd4 Bxg3+ 37. Kxg3 Rg8+ 38. Kh2 Qf7 39. Rf4 Bc6 40.
g4 Qe7 41. Kh3 Rd8 42. Qf2 Rd3+ 43. Kh2 Qd6 0-1

[Event "XV Torneo Leonardo di Bona A"]
[Site "Cutro ITA"]
[Date "2009.04.18"]
[Round "1"]
[White "Arnaudov, G. Petar"]
[Black "Blasco, Domenico"]
[Result "1-0"]
[WhiteElo "2449"]
[BlackElo "1989"]
[PlyCount "76"]
[EventDate "2009.04.18"]

1. d4 Nf6 2. c4 c5 3. Nf3 cxd4 4. Nxd4 Nc6 5. Nc3 e6 6. a3 Be7 7. e4 O-O 8. Nf3
d6 9. Bf4 a6 10. Be2 b6 11. O-O Qc7 12. Rc1 Rd8 13. Nd5 Qb7 14. Nxe7+ Qxe7 15.
Qc2 Bb7 16. Be3 Qc7 17. Rfd1 Ne7 18. Nd2 Rac8 19. Bd3 Ng4 20. Bf4 Ng6 21. Bg3
e5 22. Nf1 Qc6 23. f3 Nf6 24. Ne3 Nh5 25. Bf2 Nhf4 26. Bf1 Ne7 27. Qd2 Qd7 28.
Nd5 Bxd5 29. cxd5 b5 30. Be3 Nfg6 31. g3 Rxc1 32. Rxc1 Rc8 33. a4 Qb7 34. Rxc8+
Nxc8 35. axb5 axb5 36. Qa5 b4 37. Ba6 Qb8 38. Qd8+ Nf8 1-0

[Event "XV Torneo Leonardo di Bona A"]
[Site "Cutro ITA"]
[Date "2009.04.18"]
[Round "1"]
[White "Bentivegna, Francesco"]
[Black "Malaniuk, Vladimir P."]
[Result "0-1"]
[WhiteElo "2326"]
[BlackElo "2523"]
[PlyCount "80"]
[EventDate "2009.04.18"]

1. e4 e5 2. Nf3 Nc6 3. d4 exd4 4. Nxd4 Bc5 5. Be3 Qf6 6. c3 Nge7 7. g3 h5 8. h3
d5 9. Bg2 Bxd4 10. cxd4 dxe4 11. Nc3 Bf5 12. O-O O-O-O 13. f3 exf3 14. Qxf3 Be6
15. Qxf6 gxf6 16. d5 Nxd5 17. Nxd5 Bxd5 18. Rxf6 Rh7 19. Raf1 Bxg2 20. Kxg2 Rd7
21. R1f5 Ne7 22. Re5 Nd5 23. Rff5 Nxe3+ 24. Rxe3 Rd2+ 25. Rf2 Rxf2+ 26. Kxf2
Rh6 27. Re5 Kd7 28. Kf3 Rf6+ 29. Kg2 Re6 30. Rxh5 Re2+ 31. Kf3 Rxb2 32. Ra5 a6
33. h4 Kd6 34. Kf4 c5 35. h5 Kd5 36. g4 Kd4 37. h6 Rh2 38. Kg5 Rh3 39. Ra4+ c4
40. Ra5 c3 0-1

[Event "XV Torneo Leonardo di Bona A"]
[Site "Cutro ITA"]
[Date "2009.04.18"]
[Round "1"]
[White "Cordi', Domenico"]
[Black "Koziak, Vitali"]
[Result "0-1"]
[WhiteElo "2056"]
[BlackElo "2475"]
[PlyCount "150"]
[EventDate "2009.04.18"]

1. d4 f5 2. c4 Nf6 3. Nc3 g6 4. g3 Bg7 5. Bg2 O-O 6. Nf3 d6 7. O-O Qe8 8. d5
Na6 9. Be3 c5 10. Qd2 Nc7 11. a4 a6 12. Bh6 Rb8 13. Bxg7 Kxg7 14. b3 b5 15.
axb5 axb5 16. Ra7 Rb7 17. Rfa1 Qd7 18. Rxb7 Bxb7 19. Ra7 Rb8 20. Ng5 b4 21. Nd1
Qc8 22. Qe3 Ng8 23. Qc1 h6 24. Nf3 Nf6 25. Qa1 Ra8 26. Nd2 Rxa7 27. Qxa7 Qa8
28. Qxa8 Bxa8 29. h4 e6 30. dxe6 Bxg2 31. Kxg2 Nxe6 32. e3 Ne4 33. Nb1 Kf7 34.
f3 Nf6 35. Nd2 Ke7 36. Nb2 Kd7 37. Nd3 Ke7 38. Kf2 g5 39. hxg5 hxg5 40. Ke2 Nh5
41. g4 fxg4 42. fxg4 Nf6 43. Kf3 Nf8 44. Nf2 N8d7 45. Nde4 Ne5+ 46. Ke2 Nf7 47.
Nxf6 Kxf6 48. Ne4+ Ke5 49. Kd3 Nh6 50. Nxg5 Nxg4 51. Nf3+ Ke6 52. e4 Kf6 53.
Ke2 Kg6 54. Kf1 Nf6 55. e5 dxe5 56. Nxe5+ Kf5 57. Nd3 Nd7 58. Ke2 Ke4 59. Kd2
Kf3 60. Ne1+ Kf4 61. Nd3+ Ke4 62. Nf2+ Kd4 63. Ng4 Nf8 64. Ne3 Ne6 65. Nf5+ Ke5
66. Ne7 Nd4 67. Kd3 Nxb3 68. Nd5 Nd4 69. Ne3 Nc6 70. Nd5 Kd6 71. Kc2 Ke6 72.
Kb3 Ke5 73. Ka4 Kd4 74. Kb3 Na5+ 75. Ka4 b3 0-1

[Event "XV Torneo Leonardo di Bona A"]
[Site "Cutro ITA"]
[Date "2009.04.18"]
[Round "1"]
[White "Drasko, Milan"]
[Black "Marholev, Dimitar"]
[Result "1/2-1/2"]
[WhiteElo "2527"]
[BlackElo "2396"]
[PlyCount "31"]
[EventDate "2009.04.18"]

1. Nf3 Nf6 2. g3 g6 3. Bg2 Bg7 4. d4 O-O 5. c4 c5 6. d5 b5 7. cxb5 Qa5+ 8. Nfd2
Qxb5 9. Nc3 Qa6 10. O-O d6 11. Rb1 Nbd7 12. a3 Ne5 13. b4 cxb4 14. axb4 Bf5 15.
e4 Bg4 16. Qb3 1/2-1/2

[Event "XV Torneo Leonardo di Bona A"]
[Site "Cutro ITA"]
[Date "2009.04.18"]
[Round "1"]
[White "Epishin, Vladimir V."]
[Black "Mrdja, Milan"]
[Result "1-0"]
[WhiteElo "2591"]
[BlackElo "2431"]
[PlyCount "183"]
[EventDate "2009.04.18"]

1. d4 g6 2. Nf3 Bg7 3. g3 Nf6 4. Bg2 O-O 5. O-O d6 6. a4 a5 7. Bf4 Nc6 8. Nc3
Nh5 9. Be3 Nb4 10. Qd2 Bf5 11. Rac1 Qd7 12. Rfd1 c6 13. Ne1 Bh3 14. Bh1 Rfd8
15. Bh6 Qe8 16. Bxg7 Kxg7 17. Ne4 Bf5 18. c3 Bxe4 19. Bxe4 Na6 20. Nf3 Nf6 21.
Bc2 Nc7 22. e4 e6 23. Re1 e5 24. Rcd1 h6 25. h3 Qe7 26. Qe3 Nce8 27. Kg2 Nd7
28. Rd2 Nef6 29. Red1 Re8 30. Re2 Qf8 31. dxe5 dxe5 32. Red2 Qe7 33. b4 axb4
34. cxb4 c5 35. Bd3 cxb4 36. Bb5 Red8 37. Qb3 Nc5 38. Qxb4 Nfxe4 39. Rd5 Qf6
40. Rxc5 Nxc5 41. Rxd8 Rxd8 42. Qxc5 e4 43. Nh2 h5 44. h4 Rd2 45. Qe3 Qb2 46.
Nf1 Rc2 47. Qf4 Qd4 48. Ne3 Rb2 49. Bc4 Qf6 50. Qxf6+ Kxf6 51. Bd5 Rb4 52. a5
Ke7 53. Nc2 Rb5 54. Bxe4 f5 55. Bf3 Kf6 56. Ne3 Rxa5 57. Bxb7 Kf7 58. Nc4 Ra2
59. Ne5+ Kf6 60. Nd3 Ra3 61. Nf4 Rb3 62. Bc6 Rb8 63. Bd5 Rc8 64. Kf3 Re8 65.
Bc4 Rc8 66. Nd5+ Ke5 67. Ne3 Rc7 68. Bg8 Rb7 69. Ng2 Rg7 70. Bc4 Rc7 71. Bd3
Rd7 72. Ke3 Kf6 73. Nf4 Rd8 74. Bc4 Rb8 75. Nd5+ Ke5 76. Nf4 Kf6 77. Kd4 Rd8+
78. Nd5+ Ke6 79. Ke3 Ke5 80. Nf4 Kf6 81. Bd5 Rd7 82. Kd4 Rc7 83. Nd3 Rc2 84. f4
Rd2 85. Ke3 Rd1 86. Ke2 Rg1 87. Kf2 Rd1 88. Bc4 Rd2+ 89. Kf3 Rc2 90. Ne5 Rc3+
91. Kg2 Rc2+ 92. Kh3 1-0

[Event "XV Torneo Leonardo di Bona A"]
[Site "Cutro ITA"]
[Date "2009.04.18"]
[Round "1"]
[White "Genocchio, Daniele"]
[Black "Svetushkin, Dmitry"]
[Result "0-1"]
[WhiteElo "2445"]
[BlackElo "2615"]
[PlyCount "154"]
[EventDate "2009.04.18"]

1. e4 c6 2. d4 d5 3. exd5 cxd5 4. Bd3 Nc6 5. c3 Qc7 6. Bg5 Nf6 7. Nd2 Bg4 8.
Ngf3 e6 9. O-O Bd6 10. Qc2 h6 11. Bh4 Nh5 12. Rfe1 Nf4 13. Bg3 O-O-O 14. Bxf4
Bxf4 15. h3 Bxf3 16. Nxf3 g5 17. Qe2 h5 18. Ne5 Bxe5 19. dxe5 g4 20. h4 Kb8 21.
Qe3 Qe7 22. g3 d4 23. cxd4 Nxd4 24. Be4 Qc7 25. Qc3 Qxe5 26. Bxb7 Ne2+ 27. Rxe2
Qxe2 28. Bg2 Rd1+ 29. Rxd1 Qxd1+ 30. Kh2 Qd8 31. Qc6 Qc8 32. Qa8+ Kc7 33. Qxa7+
Kd6 34. Qxf7 Qc5 35. Qf4+ Ke7 36. b4 Qf5 37. Qc7+ Kf6 38. Qc3+ Qe5 39. Qd2 Ke7
40. Bc6 Rd8 41. Qh6 Rf8 42. Kg2 Qd4 43. Qe3 Qxb4 44. Be4 Qa5 45. a4 Rc8 46. Qd4
Qc3 47. Qb6 Qe5 48. Qb4+ Qc5 49. Qb2 Rd8 50. Qg7+ Kd6 51. Qf6 Rb8 52. Qf4+ Qe5
53. Qd2+ Ke7 54. Bc6 Qc5 55. Be4 Rb4 56. Qh6 Qd4 57. Qg5+ Kd7 58. Bg6 Rxa4 59.
Bxh5 Rb4 60. Bg6 Qd5+ 61. Qxd5+ exd5 62. h5 Ke7 63. h6 Kf6 64. h7 Kg7 65. Kf1
Rb6 66. Bc2 Re6 67. Bf5 Re8 68. Bc2 Kf6 69. Bb3 Ke5 70. Ke2 Kd4+ 71. Kd2 Rf8
72. Ke2 Rh8 73. Bc2 Kc3 74. Bg6 d4 75. Be4 d3+ 76. Kd1 Rb8 77. Bb7 d2 0-1

[Event "XV Torneo Leonardo di Bona A"]
[Site "Cutro ITA"]
[Date "2009.04.18"]
[Round "1"]
[White "Rusev, Krasimir"]
[Black "Nikolova, Adriana"]
[Result "1/2-1/2"]
[WhiteElo "2498"]
[BlackElo "2304"]
[PlyCount "98"]
[EventDate "2009.04.18"]

1. d4 Nf6 2. c4 e6 3. Nf3 Bb4+ 4. Bd2 a5 5. Qc2 d6 6. e4 Nc6 7. Bd3 e5 8. d5
Bxd2+ 9. Nbxd2 Nb4 10. Qc3 Nxd3+ 11. Qxd3 Nd7 12. Qe3 Qe7 13. O-O O-O 14. b3
Nf6 15. Rac1 b6 16. a3 Ng4 17. Qc3 f5 18. Rfe1 Nf6 19. exf5 Bxf5 20. Nf1 Ne4
21. Qe3 Nc5 22. Ng3 Qf6 23. Nd2 Qg6 24. Rc3 Na6 25. f3 Rf7 26. Nde4 h6 27. Rcc1
Raf8 28. Kh1 Bxe4 29. fxe4 Rf2 30. Re2 Rxe2 31. Qxe2 Nc5 32. b4 axb4 33. axb4
Nb3 34. Rd1 Nd4 35. Qe3 Qf6 36. Kg1 Qf4 37. Qxf4 Rxf4 38. Ra1 Nb3 39. Ra7 Rf7
40. Ra2 Rf4 41. h3 g6 42. Ra7 Rf7 43. Ra3 Nd2 44. c5 bxc5 45. bxc5 h5 46. Rd3
Nc4 47. Rc3 Nd2 48. Rd3 Nc4 49. Rc3 Nd2 1/2-1/2

[Event "XV Torneo Leonardo di Bona A"]
[Site "Cutro ITA"]
[Date "2009.04.18"]
[Round "1"]
[White "Tratar, Marko"]
[Black "Parrella, Alfredo"]
[Result "1-0"]
[WhiteElo "2488"]
[BlackElo "2093"]
[PlyCount "105"]
[EventDate "2009.04.18"]

1. d4 Nf6 2. Nf3 e6 3. c4 c5 4. g3 cxd4 5. Nxd4 Qb6 6. Bg2 Bb4+ 7. Nc3 Nc6 8.
Nc2 Be7 9. O-O a6 10. Na4 Qa5 11. Bd2 Qh5 12. Nb6 Rb8 13. Bf4 e5 14. Bd2 Bc5
15. Nxc8 Rxc8 16. Rc1 e4 17. e3 Qf5 18. Bc3 Ne5 19. Nd4 Bxd4 20. Qxd4 Nf3+ 21.
Bxf3 exf3 22. Qe5+ Qxe5 23. Bxe5 Ke7 24. Rfd1 Ne8 25. c5 f6 26. Bd4 g5 27. Rc3
g4 28. Rb3 Rc7 29. Rb6 Rf8 30. e4 Rf7 31. Be3 Kd8 32. Rd5 Kc8 33. h3 gxh3 34.
Kh2 Rc6 35. Kxh3 Nc7 36. Rxc6 bxc6 37. Rf5 Kd8 38. Kg4 Ke7 39. Kxf3 Ne6 40. Rh5
Rg7 41. Ke2 Kf7 42. Rh6 Nf8 43. Kf3 Ng6 44. Bd4 Ke6 45. Ke3 Rf7 46. g4 Ke7 47.
f4 Ke8 48. f5 Ne5 49. Bxe5 fxe5 50. Kf3 Kd8 51. g5 Ke7 52. Kg4 Kf8 53. f6 1-0

[Event "XV Torneo Leonardo di Bona A"]
[Site "Cutro ITA"]
[Date "2009.04.18"]
[Round "1"]
[White "Van Hoolandt, Patrick"]
[Black "Naumkin, Igor"]
[Result "0-1"]
[WhiteElo "2224"]
[BlackElo "2488"]
[PlyCount "66"]
[EventDate "2009.04.18"]

1. d4 Nf6 2. c4 e6 3. Nf3 b6 4. Nc3 Bb7 5. Bg5 h6 6. Bh4 g5 7. Bg3 Nh5 8. e3
Nxg3 9. hxg3 Bg7 10. Bd3 Nc6 11. a3 Qe7 12. Qa4 a6 13. O-O-O b5 14. cxb5 axb5
15. Qxb5 Na5 16. Bc2 c6 17. Qb4 d6 18. Ne4 c5 19. dxc5 O-O 20. cxd6 Qd8 21.
Nexg5 Rb8 22. Nxe6 fxe6 23. Qg4 Qf6 24. Nd4 Bd5 25. Qg6 Nb3+ 26. Nxb3 Qxb2+ 27.
Kd2 Rxf2+ 28. Ke1 Qxc2 29. Qxc2 Rxc2 30. Nd4 Rxg2 31. d7 Rd8 32. e4 Bc4 33. Nc6
Bc3+ 0-1

[Event "XV Torneo Leonardo di Bona A"]
[Site "Cutro ITA"]
[Date "2009.04.18"]
[Round "1"]
[White "Vuelban, Virgilio"]
[Black "Georgiev, Vladimir"]
[Result "0-1"]
[WhiteElo "2422"]
[BlackElo "2539"]
[PlyCount "96"]
[EventDate "2009.04.18"]

1. e4 e5 2. Nf3 Nc6 3. Bb5 a6 4. Ba4 Nf6 5. O-O b5 6. Bb3 Bc5 7. c3 d6 8. d4
Ba7 9. Re1 h6 10. a4 O-O 11. h3 Bb7 12. dxe5 Nxe5 13. Bc2 Nxf3+ 14. Qxf3 Re8
15. Nd2 Re5 16. Qd1 Re7 17. Kf1 Qe8 18. b3 Qc6 19. axb5 Qxc3 20. Ra2 axb5 21.
Bb2 Qc5 22. Re3 Nd7 23. Rxa7 Rxa7 24. Rg3 Ne5 25. Bb1 f6 26. f4 Nd7 27. Qg4 b4
28. Qg6 Ra1 29. Bxa1 Qc1+ 30. Ke2 Ba6+ 31. Rd3 Bxd3+ 32. Kxd3 Nc5+ 33. Ke2 Nxb3
34. e5 Qxd2+ 35. Kf3 dxe5 36. Bxe5 Rxe5 37. fxe5 Nd4+ 38. Ke4 f5+ 39. Kd5 b3
40. g4 Ne2+ 41. Kc6 Qc1+ 42. Kd7 Qxb1 43. e6 Qd3+ 44. Kc8 Qa6+ 45. Kd8 Nd4 46.
Qf7+ Kh7 47. gxf5 Qa8+ 48. Kxc7 Qa5+ 0-1

[Event "XV Torneo Leonardo di Bona A"]
[Site "Cutro ITA"]
[Date "2009.04.19"]
[Round "2"]
[White "Blasco, Domenico"]
[Black "Van Hoolandt, Patrick"]
[Result "1-0"]
[WhiteElo "1989"]
[BlackElo "2224"]
[PlyCount "75"]
[EventDate "2009.04.18"]

1. d4 Nf6 2. Nf3 d5 3. e3 c5 4. c3 e6 5. Bd3 Nc6 6. Nbd2 Bd6 7. O-O O-O 8. dxc5
Bxc5 9. e4 Bb6 10. Qe2 Qc7 11. h3 Nh5 12. Bc2 Ng3 13. Qd3 Nxf1 14. exd5 f5 15.
Nc4 exd5 16. Qxd5+ Kh8 17. Nxb6 axb6 18. Kxf1 Ra5 19. Qc4 Rc5 20. Qe2 f4 21. b4
Rxc3 22. Bb2 Nxb4 23. Bb3 Bf5 24. Qe5 Rc5 25. Qxc7 Rxc7 26. Ba3 Bd3+ 27. Kg1
Rfc8 28. Bxb4 Rc1+ 29. Rxc1 Rxc1+ 30. Kh2 h6 31. Bd2 Rf1 32. Bxf4 Rxf2 33. Kg3
Re2 34. Bc7 b5 35. Bb6 Bc4 36. Nd4 Rb2 37. Kf3 Bf1 38. g3 1-0

[Event "XV Torneo Leonardo di Bona A"]
[Site "Cutro ITA"]
[Date "2009.04.19"]
[Round "2"]
[White "Genocchio, Daniele"]
[Black "Vuelban, Virgilio"]
[Result "1-0"]
[WhiteElo "2445"]
[BlackElo "2422"]
[PlyCount "99"]
[EventDate "2009.04.18"]

1. d4 Nf6 2. Nf3 g6 3. Bf4 Bg7 4. e3 d6 5. h3 O-O 6. Nbd2 c5 7. Bd3 cxd4 8.
exd4 Nd5 9. Bg3 Nb4 10. Bc4 Bf5 11. Bb3 Qc7 12. Rc1 N8c6 13. a3 Na6 14. c3 Rac8
15. O-O Na5 16. Ba2 b5 17. Qe2 Nc4 18. a4 Nxb2 19. Qxb5 Qb6 20. Rb1 Bxb1 21.
Rxb1 Qxb5 22. axb5 Na4 23. bxa6 Nxc3 24. Rb2 Nxa2 25. Rxa2 Rc1+ 26. Kh2 Bh6 27.
Rb2 Rfc8 28. Rb7 R1c7 29. Nb3 Rxb7 30. axb7 Rb8 31. Na5 Bc1 32. Ne5 dxe5 33.
Bxe5 Rxb7 34. Nxb7 Bb2 35. Na5 f6 36. Bf4 Bxd4 37. Be3 Bxe3 38. fxe3 Kf7 39.
Kg3 e5 40. Kf3 Ke6 41. Ke4 f5+ 42. Kd3 g5 43. e4 f4 44. Ke2 h5 45. Kf3 a6 46.
Nc4 Kf6 47. g4 h4 48. Ke2 Ke6 49. Kd3 Kf6 50. Nd2 1-0

[Event "XV Torneo Leonardo di Bona A"]
[Site "Cutro ITA"]
[Date "2009.04.19"]
[Round "2"]
[White "Georgiev, Vladimir"]
[Black "Inkiov, Ventzislav V."]
[Result "1/2-1/2"]
[WhiteElo "2539"]
[BlackElo "2471"]
[PlyCount "24"]
[EventDate "2009.04.18"]

1. d4 Nf6 2. c4 e6 3. Nc3 Bb4 4. e3 b6 5. Bd3 Bb7 6. Nf3 Ne4 7. O-O Bxc3 8.
bxc3 f5 9. Ba3 Nxc3 10. Qc2 Bxf3 11. gxf3 Qg5+ 12. Kh1 Qh5 1/2-1/2

[Event "XV Torneo Leonardo di Bona A"]
[Site "Cutro ITA"]
[Date "2009.04.19"]
[Round "2"]
[White "Koziak, Vitali"]
[Black "Epishin, Vladimir V."]
[Result "1/2-1/2"]
[WhiteElo "2475"]
[BlackElo "2591"]
[PlyCount "117"]
[EventDate "2009.04.18"]

1. e4 c6 2. d4 d5 3. f3 e6 4. Nc3 Bb4 5. Qd3 Nd7 6. Bd2 Ne7 7. a3 Bd6 8. f4 a5
9. e5 Bc7 10. a4 O-O 11. Nf3 f6 12. O-O-O Rb8 13. Qe3 Nf5 14. Qe1 Bb6 15. Ne2
c5 16. Bc3 fxe5 17. dxc5 Nxc5 18. Bxe5 Bd7 19. Bxb8 Qxb8 20. Ne5 Bxa4 21. Nc3
Be8 22. g3 a4 23. Nd3 Ne3 24. Nxc5 Bxc5 25. Bh3 a3 26. Bxe6+ Bf7 27. b4 Nxd1
28. bxc5 Nxc3 29. Bxf7+ Kxf7 30. Qxc3 Qa7 31. Rd1 a2 32. Kb2 Rc8 33. Qb3 Qxc5
34. c3 Kf6 35. Rxd5 Qxc3+ 36. Qxc3+ Rxc3 37. Rh5 Rc2+ 38. Ka1 h6 39. h3 Rh2 40.
g4 Rf2 41. Rf5+ Kg6 42. Rf8 Rh2 43. f5+ Kh7 44. Rb8 Rxh3 45. Rxb7 Rf3 46. Kxa2
h5 47. gxh5 Rxf5 48. Kb3 Rxh5 49. Kc4 Re5 50. Rb1 g5 51. Rb6 Kg7 52. Kd3 Kf7
53. Ra6 Re8 54. Rb6 Re1 55. Ra6 Re6 56. Rxe6 Kxe6 57. Ke4 g4 58. Kf4 g3 59.
Kxg3 1/2-1/2

[Event "XV Torneo Leonardo di Bona A"]
[Site "Cutro ITA"]
[Date "2009.04.19"]
[Round "2"]
[White "Malaniuk, Vladimir P."]
[Black "Arnaudov, G. Petar"]
[Result "1/2-1/2"]
[WhiteElo "2523"]
[BlackElo "2449"]
[PlyCount "38"]
[EventDate "2009.04.18"]

1. d4 Nf6 2. Nf3 e6 3. c4 Nc6 4. Nc3 Bb4 5. Qb3 a5 6. a3 a4 7. Qc2 Bxc3+ 8.
bxc3 d6 9. e4 e5 10. Be3 O-O 11. Bd3 Bg4 12. Nd2 Bd7 13. h3 Nh5 14. c5 dxc5 15.
dxe5 Nxe5 16. Be2 Nf6 17. Bxc5 Re8 18. O-O Bc6 19. Be3 Ng6 1/2-1/2

[Event "XV Torneo Leonardo di Bona A"]
[Site "Cutro ITA"]
[Date "2009.04.19"]
[Round "2"]
[White "Marholev, Dimitar"]
[Black "Rusev, Krasimir"]
[Result "1/2-1/2"]
[WhiteElo "2396"]
[BlackElo "2498"]
[PlyCount "98"]
[EventDate "2009.04.18"]

1. d4 d5 2. c4 c6 3. cxd5 cxd5 4. Nc3 Nf6 5. Nf3 a6 6. Bf4 Nc6 7. e3 Bg4 8. Be2
e6 9. O-O Be7 10. Ne5 Bxe2 11. Nxc6 Bxd1 12. Nxd8 Rxd8 13. Rfxd1 Rc8 14. Rac1
O-O 15. Ne2 Rc4 16. b3 Rc6 17. Rxc6 bxc6 18. Rc1 Rc8 19. Nc3 Nd7 20. Na4 f6 21.
Bg3 Bb4 22. Kf1 Kf7 23. Ke2 e5 24. f3 Ke7 25. Be1 a5 26. Kd3 Kd6 27. Bxb4+ axb4
28. a3 bxa3 29. Ra1 Ra8 30. Rxa3 c5 31. Nc3 Rxa3 32. Nb5+ Kc6 33. Nxa3 cxd4 34.
exd4 Nf8 35. Nc2 Ne6 36. g3 g5 37. b4 h5 38. dxe5 fxe5 39. Ne3 Nc7 40. Nf5 Ne8
41. h4 gxh4 42. Nxh4 Nf6 43. Ng6 e4+ 44. fxe4 Nxe4 45. Kd4 Nxg3 46. Ne7+ Kb5
47. Nxd5 h4 48. Nf4 Kxb4 49. Ke3 Kc4 1/2-1/2

[Event "XV Torneo Leonardo di Bona A"]
[Site "Cutro ITA"]
[Date "2009.04.19"]
[Round "2"]
[White "Mrdja, Milan"]
[Black "Piccoli, Vincenzo"]
[Result "1-0"]
[WhiteElo "2431"]
[BlackElo "2016"]
[PlyCount "61"]
[EventDate "2009.04.18"]

1. e4 c5 2. Nf3 d6 3. d4 cxd4 4. Nxd4 Nf6 5. f3 e6 6. c4 Be7 7. Nc3 a6 8. Be3
O-O 9. Qd2 b6 10. Be2 Bb7 11. g4 Nc6 12. Nc2 Rc8 13. g5 Nd7 14. b3 Qc7 15. Rc1
Rfd8 16. O-O Bf8 17. f4 Ne7 18. Nd4 Nc5 19. Bf3 Qb8 20. f5 d5 21. exd5 exd5 22.
f6 Nf5 23. Nxf5 dxc4 24. Qe2 Bxf3 25. Qxf3 Rd7 26. fxg7 Bxg7 27. Nxg7 Kxg7 28.
Nd5 Qe5 29. bxc4 Nd3 30. Rcd1 Rxc4 31. Rxd3 1-0

[Event "XV Torneo Leonardo di Bona A"]
[Site "Cutro ITA"]
[Date "2009.04.19"]
[Round "2"]
[White "Naumkin, Igor"]
[Black "Meijers, Viesturs"]
[Result "1/2-1/2"]
[WhiteElo "2488"]
[BlackElo "2458"]
[PlyCount "23"]
[EventDate "2009.04.18"]

1. d4 Nf6 2. c4 e6 3. Nf3 b6 4. g3 Bb7 5. Bg2 Be7 6. Nc3 Ne4 7. Bd2 O-O 8. d5
Nxc3 9. Bxc3 Bf6 10. Rc1 Bxc3+ 11. Rxc3 d6 12. O-O 1/2-1/2

[Event "XV Torneo Leonardo di Bona A"]
[Site "Cutro ITA"]
[Date "2009.04.19"]
[Round "2"]
[White "Neubauer, Kai"]
[Black "Bentivegna, Francesco"]
[Result "0-1"]
[WhiteElo "2020"]
[BlackElo "2326"]
[PlyCount "68"]
[EventDate "2009.04.18"]

1. d4 f5 2. Nf3 Nf6 3. g3 e6 4. Bg2 d5 5. c4 c6 6. O-O Bd6 7. Nbd2 Nbd7 8. b3
O-O 9. Bb2 Ne4 10. e3 Ndf6 11. Qe2 Bd7 12. Rad1 Be8 13. Ne5 Bh5 14. Bf3 Nxd2
15. Rxd2 Bxf3 16. Nxf3 Ne4 17. Rc2 g5 18. Ne5 g4 19. f3 gxf3 20. Qxf3 Bxe5 21.
dxe5 dxc4 22. Rd1 Qe7 23. Rxc4 Rad8 24. Rcd4 c5 25. Rxd8 Rxd8 26. Rxd8+ Qxd8
27. Qe2 Qd5 28. g4 Ng5 29. h4 Nf3+ 30. Kf2 fxg4 31. Kg3 h5 32. Bc3 Qd8 33. Qc4
Qxh4+ 34. Kf4 Ng5 0-1

[Event "XV Torneo Leonardo di Bona A"]
[Site "Cutro ITA"]
[Date "2009.04.19"]
[Round "2"]
[White "Parrella, Alfredo"]
[Black "Cordi', Domenico"]
[Result "0-1"]
[WhiteElo "2093"]
[BlackElo "2056"]
[PlyCount "228"]
[EventDate "2009.04.18"]

1. d4 Nf6 2. Nf3 g6 3. Bf4 Bg7 4. e3 c5 5. c3 cxd4 6. exd4 O-O 7. Bd3 d6 8. O-O
a6 9. a4 Nc6 10. h3 Nd5 11. Bh2 e5 12. dxe5 dxe5 13. Na3 Be6 14. Re1 f6 15. Nc4
Qd7 16. Qe2 Rfd8 17. Be4 Nce7 18. Red1 Qc7 19. Na3 Nb6 20. Bc2 Bf7 21. Rxd8+
Rxd8 22. Rd1 Bf8 23. Rxd8 Qxd8 24. Qd1 Qxd1+ 25. Bxd1 Nc6 26. Nb1 Na5 27. Nfd2
Nac4 28. b3 Nxd2 29. Nxd2 Nd5 30. c4 Nc3 31. Bf3 b5 32. cxb5 axb5 33. a5 Bc5
34. Kf1 Kf8 35. a6 Ke7 36. b4 Ba7 37. Ne4 Nd5 38. Be2 Be8 39. Bg1 Nxb4 40. Nc3
Nxa6 41. Nxb5 Bxb5 42. Bxb5 Nc7 43. Bc4 Ne6 44. Bh2 Bd4 45. Bg3 h6 46. f3 f5
47. Be1 Kf6 48. Bd5 g5 49. Bd2 Nc5 50. Bb4 Nd3 51. Ba5 Bc5 52. Bd8+ Be7 53. Ba5
h5 54. Bd2 h4 55. Ke2 Nc5 56. Be3 Ne6 57. Kd3 Bd8 58. Bb7 Ba5 59. Bd5 Nf8 60.
Bc6 Be1 61. Ke2 Bg3 62. Bb6 Ne6 63. Kf1 Bf4 64. Ke2 Bc1 65. Kf1 Ba3 66. Ba5 Ng7
67. Bd8+ Be7 68. Bb6 Nh5 69. Bf2 Ke6 70. Bb7 Kd7 71. Bd5 Nf6 72. Bb7 e4 73. Bd4
exf3 74. Bxf3 Ne4 75. Be3 Ke6 76. Kg1 Bc5 77. Bxc5 Nxc5 78. Ba8 Ke5 79. Bc6 Kf4
80. Bf3 Ne4 81. Be2 Kg3 82. Bd3 Kf4 83. Be2 Kg3 84. Bd3 Nd6 85. Be2 g4 86. hxg4
fxg4 87. Bf1 Ne4 88. Bd3 Nc3 89. Bf5 Ne2+ 90. Kh1 Nf4 91. Kg1 Nd5 92. Bc8 Ne3
93. Bd7 Kf4 94. Bc8 Nd1 95. Bb7 Nc3 96. Kf2 Ne4+ 97. Kg1 Ke3 98. Bc8 g3 99. Bf5
Nd6 100. Be6 Ke2 101. Bg4+ Ke1 102. Be6 Nb5 103. Bg4 Nd4 104. Bh5 Ne6 105. Bg4
Nf4 106. Bf3 Kd2 107. Bg4 Ke3 108. Bd1 Kd3 109. Bg4 Kd2 110. Bf3 Ne2+ 111. Bxe2
Kxe2 112. Kh1 Ke3 113. Kg1 Kf4 114. Kf1 Kg5 0-1

[Event "XV Torneo Leonardo di Bona A"]
[Site "Cutro ITA"]
[Date "2009.04.19"]
[Round "2"]
[White "Svetushkin, Dmitry"]
[Black "Tratar, Marko"]
[Result "1-0"]
[WhiteElo "2615"]
[BlackElo "2488"]
[PlyCount "77"]
[EventDate "2009.04.18"]

1. d4 Nf6 2. c4 c5 3. d5 e5 4. Nc3 d6 5. e4 Be7 6. g3 O-O 7. Bg2 Nbd7 8. Nge2
a6 9. a4 b6 10. f4 Ne8 11. f5 Bg5 12. h4 Bxc1 13. Nxc1 f6 14. g4 Rf7 15. Qd2
Nf8 16. Bf3 Bd7 17. b3 Nc7 18. Nd3 b5 19. a5 Rb8 20. Bd1 Rb7 21. Rg1 b4 22. Ne2
Ne8 23. Ng3 Bc8 24. Nf1 g6 25. Qh6 Rg7 26. Ne3 Kh8 27. Ra2 Rg8 28. g5 Qe7 29.
Rag2 Qg7 30. Nf2 fxg5 31. Qxg5 Qe7 32. Nfg4 Qxg5 33. hxg5 gxf5 34. Nh6 f4 35.
Nxg8 Kxg8 36. Nf5 Ng6 37. Rh2 Ne7 38. Nh6+ Kf8 39. Rgh1 1-0

[Event "XV Torneo Leonardo di Bona A"]
[Site "Cutro ITA"]
[Date "2009.04.20"]
[Round "3"]
[White "Bentivegna, Francesco"]
[Black "Genocchio, Daniele"]
[Result "1/2-1/2"]
[WhiteElo "2326"]
[BlackElo "2445"]
[PlyCount "34"]
[EventDate "2009.04.18"]

1. d4 d5 2. c4 dxc4 3. e4 Nf6 4. e5 Nd5 5. Bxc4 Nb6 6. Bb3 Nc6 7. Be3 Bf5 8.
Nc3 e6 9. Nge2 Be7 10. O-O Qd7 11. Ng3 Bg6 12. f4 Na5 13. d5 Nxb3 14. Qxb3 Bd3
15. Rfd1 Bc4 16. dxe6 Qxe6 17. Qc2 O-O 1/2-1/2

[Event "XV Torneo Leonardo di Bona A"]
[Site "Cutro ITA"]
[Date "2009.04.20"]
[Round "3"]
[White "Cordi', Domenico"]
[Black "Mrdja, Milan"]
[Result "1-0"]
[WhiteElo "2056"]
[BlackElo "2431"]
[PlyCount "89"]
[EventDate "2009.04.18"]

1. d4 d6 2. Nf3 g6 3. e4 Bg7 4. c3 Nf6 5. Nbd2 O-O 6. h3 c5 7. Bd3 cxd4 8. cxd4
Nc6 9. O-O Nd7 10. Nb3 a5 11. Be3 a4 12. Nc1 e5 13. d5 Nd4 14. Nxd4 exd4 15.
Bf4 Qb6 16. Qd2 Nc5 17. Rb1 Re8 18. Re1 Bd7 19. a3 Rac8 20. Qb4 Qxb4 21. axb4
Nxd3 22. Nxd3 Bb5 23. Rbd1 Bxd3 24. Rxd3 f5 25. f3 fxe4 26. Rxe4 Rxe4 27. fxe4
Be5 28. Bxe5 dxe5 29. Ra3 b5 30. Rf3 Kg7 31. Kf1 Rc4 32. Ke1 d3 33. Kd2 Rxe4
34. d6 Rd4 35. Rxd3 Kf6 36. Rxd4 exd4 37. Kd3 Ke6 38. Kxd4 Kxd6 39. h4 h6 40.
g4 h5 41. g5 Ke6 42. Kc5 Ke5 43. Kxb5 Kf4 44. Kxa4 Kg4 45. b5 1-0

[Event "XV Torneo Leonardo di Bona A"]
[Site "Cutro ITA"]
[Date "2009.04.20"]
[Round "3"]
[White "Drasko, Milan"]
[Black "Koziak, Vitali"]
[Result "1/2-1/2"]
[WhiteElo "2527"]
[BlackElo "2475"]
[PlyCount "58"]
[EventDate "2009.04.18"]

1. Nf3 c5 2. g3 Nc6 3. Bg2 g6 4. c4 Bg7 5. Nc3 e5 6. O-O Nge7 7. a3 O-O 8. Rb1
a5 9. Ne1 d6 10. Nc2 a4 11. d3 f5 12. Ne3 Qa5 13. Bd2 Kh8 14. Re1 Nd4 15. Nb5
Qb6 16. Nxd4 cxd4 17. Nd5 Nxd5 18. Bxd5 Bd7 19. b4 Bc6 20. e4 dxe3 21. Bxe3 Qd8
22. Bxc6 bxc6 23. f4 exf4 24. gxf4 d5 25. Bc5 Re8 26. Rxe8+ Qxe8 27. cxd5 cxd5
28. Qf3 Qd7 29. b5 Qe8 1/2-1/2